00225nam a22001097a 4500003000400000082001300004100001800017245002600035250000800061260003800069300000800107SGT a614bSHA aSHARMA, B.R.  aHANDWRITING FORENSICS a2ND aGURGAON bUNIVERSITY PRESS c2021 a726